000 00986nam a22003017a 4500
001 5221
003 FISKH
005 20241120093711.0
008 241120b cb ||||| |||| 00| 0 eng d
020 _a9781575053707
040 _aFISKH
_beng
_cFISKH
_dFISKH
050 _aN6853.P5
082 _a709.2
100 _aLowery, Linda
_d(1949-)
245 _aPable picasso /
_cby Linda Lowery illustrations by Janice Lee Porter
250 _a1999
260 _aMinneapolis :
_bMillbrook ,
_c1999.
300 _a48 pages :
_bColor illustrations ;
_c22 cm
505 _aP
520 _aTells the story of Pablo Picasso as he grows through his early days as an artist, his discovery of cubism, and his later years of sculpture and painting to become a famous artist.
521 8 _a630L
_bLexile
521 8 _aP
_bRaz-Plus
650 _2Non-fiction
_aBiography
650 _2Artist
_aMusic
700 _aPorter, Lee Janice
_dIllustrator
942 _2ddc
_cBK
_n0
999 _c5221
_d5221